[Event "escc2023_50"]
[Site "?"]
[Date "2023.06.01"]
[Round "7.9"]
[White "Lacasa Diaz, Jose Antonio"]
[Black "Vinter-Schou, Uffe"]
[Result "1-0"]
[BlackElo "2351"]
[WhiteElo "2359"]
[LiveChessVersion "1.4.8"]

1. e4 {[%clk 1:30:54]} c6 {[%clk 1:29:38]} 2. d4 {[%clk 1:27:58]} d5
{[%clk 1:30:03]} 3. e5 {[%clk 1:27:25]} Bf5 {[%clk 1:30:21]} 4. Nd2
{[%clk 1:26:43]} e6 {[%clk 1:29:38]} 5. Nb3 {[%clk 1:27:03]} Nd7 {[%clk 1:28:27]}
6. Nf3 {[%clk 1:26:16]} h6 {[%clk 1:22:28]} 7. Be2 {[%clk 1:26:09]} Ne7
{[%clk 1:22:38]} 8. O-O {[%clk 1:26:04]} g5 {[%clk 1:14:54]} 9. a4
{[%clk 1:18:26]} Qc7 {[%clk 1:06:08]} 10. a5 {[%clk 1:15:43]} Rc8
{[%clk 0:55:38]} 11. Bd2 {[%clk 1:12:57]} c5 {[%clk 0:41:45]} 12. Nxc5
{[%clk 0:58:36]} Nxc5 {[%clk 0:41:40]} 13. dxc5 {[%clk 0:59:00]} a6
{[%clk 0:34:36]} 14. Nd4 {[%clk 0:39:33]} Bg6 {[%clk 0:34:13]} 15. c4
{[%clk 0:27:56]} Bg7 {[%clk 0:18:13]} 16. cxd5 {[%clk 0:26:02]} Nxd5
{[%clk 0:18:21]} 17. Qa4+ {[%clk 0:23:58]} Kf8 {[%clk 0:18:45]} 18. Nf3
{[%clk 0:11:00]} Kg8 {[%clk 0:16:54]} 19. Rfe1 {[%clk 0:10:21]} Kh7
{[%clk 0:16:59]} 20. Rac1 {[%clk 0:10:05]} Ne7 {[%clk 0:15:44]} 21. h4
{[%clk 0:09:20]} gxh4 {[%clk 0:12:30]} 22. Qxh4 {[%clk 0:09:40]} Rhd8
{[%clk 0:10:57]} 23. b4 {[%clk 0:07:23]} Nf5 {[%clk 0:07:40]} 24. Qf4
{[%clk 0:06:19]} Qc6 {[%clk 0:05:13]} 25. Bc3 {[%clk 0:05:08]} Ne7
{[%clk 0:04:54]} 26. Qh4 {[%clk 0:05:06]} Nf5 {[%clk 0:04:11]} 27. Qh2
{[%clk 0:04:49]} Kg8 {[%clk 0:03:17]} 28. Bc4 {[%clk 0:04:22]} Rd7
{[%clk 0:01:45]} 29. Qf4 {[%clk 0:04:09]} h5 {[%clk 0:01:35]} 30. g4
{[%clk 0:03:20]} hxg4 {[%clk 0:01:48]} 31. Qxg4 {[%clk 0:03:45]} Rcd8
{[%clk 0:02:00]} 32. Be2 {[%clk 0:02:50]} Qa4 {[%clk 0:01:07]} 33. Ng5
{[%clk 0:02:28]} Nd4 {[%clk 0:01:09]} 34. Ne4 {[%clk 0:02:08]} Nxe2+ 35. Qxe2
{[%clk 0:02:29]} Rd3 {[%clk 0:00:46]} 36. Nd6 {[%clk 0:02:00]} Qc6
{[%clk 0:01:15]} 37. Qg4 {[%clk 0:02:08]} Qd5 {[%clk 0:00:53]} 38. Qg2
{[%clk 0:02:05]} Qb3 {[%clk 0:00:43]} 39. Re3 {[%clk 0:02:24]} Rxe3
{[%clk 0:00:50]} 40. fxe3 {[%clk 0:02:52]} Bxe5 {[%clk 0:00:53]} 41. Qd2
{[%clk 0:01:47]} Bxc3 {[%clk 0:28:51]} 42. Qxc3 {[%clk 0:31:05]} Qd5
{[%clk 0:27:28]} 43. Qf6 {[%clk 0:22:53]} Rb8 {[%clk 0:27:57]} 44. Rf1
{[%clk 0:22:28]} Qh5 {[%clk 0:18:26]} 45. Qf4 {[%clk 0:15:51]} e5
{[%clk 0:11:17]} 46. Qg3 {[%clk 0:16:06]} Kf8 {[%clk 0:11:30]} 47. Kg2
{[%clk 0:09:51]} Rd8 {[%clk 0:09:53]} 48. Kg1 {[%clk 0:07:39]} Rd7
{[%clk 0:10:13]} 49. Rf2 {[%clk 0:05:38]} Re7 {[%clk 0:09:08]} 50. Rd2
{[%clk 0:05:39]} Re6 {[%clk 0:07:29]} 51. Rg2 {[%clk 0:03:44]} Re7
{[%clk 0:00:59]} 52. Qg4 {[%clk 0:03:54]} Qxg4 {[%clk 0:00:55]} 53. Rxg4
{[%clk 0:04:17]} Bd3 {[%clk 0:00:56]} 54. Kf2 {[%clk 0:04:30]} Bb1
{[%clk 0:00:42]} 55. Rg1 {[%clk 0:04:28]} Ba2 {[%clk 0:01:09]} 56. e4
{[%clk 0:04:24]} Be6 {[%clk 0:01:24]} 57. Ke3 {[%clk 0:04:38]} Rc7
{[%clk 0:00:48]} 58. Rg2 {[%clk 0:04:51]} Bd7 {[%clk 0:00:55]} 59. Rg5
{[%clk 0:04:53]} Bc6 {[%clk 0:00:51]} 60. Rxe5 {[%clk 0:05:08]} Re7
{[%clk 0:00:35]} 61. Rxe7 {[%clk 0:04:37]} Kxe7 {[%clk 0:01:04]} 62. Kf4
{[%clk 0:04:39]} Ke6 {[%clk 0:00:50]} 63. Nf5 {[%clk 0:04:51]} Ba4
{[%clk 0:00:44]} 64. Nd4+ {[%clk 0:05:15]} Ke7 {[%clk 0:00:51]} 65. Ke5
{[%clk 0:04:13]} f6+ {[%clk 0:01:14]} 66. Kf5 {[%clk 0:03:56]} Kf7
{[%clk 0:01:40]} 67. Kf4 {[%clk 0:03:05]} Bd7 {[%clk 0:01:48]} 68. Ke3
{[%clk 0:03:20]} Ke7 {[%clk 0:01:52]} 69. Ne2 {[%clk 0:03:34]} Bc6
{[%clk 0:01:07]} 70. Kd4 {[%clk 0:03:57]} Kd7 {[%clk 0:01:23]} 71. Nf4
{[%clk 0:03:57]} Ke7 {[%clk 0:01:45]} 72. Nd3 {[%clk 0:04:09]} Ke6
{[%clk 0:02:00]} 73. Nb2 {[%clk 0:04:20]} Bb5 {[%clk 0:01:52]} 74. Nc4
{[%clk 0:03:50]} Bc6 {[%clk 0:02:14]} 75. Ne3 {[%clk 0:04:00]} Bb5
{[%clk 0:02:35]} 76. Nd5 {[%clk 0:04:07]} Bc6 {[%clk 0:03:04]} 77. Nf4+
{[%clk 0:04:21]} Ke7 {[%clk 0:03:02]} 78. e5 {[%clk 0:04:42]} fxe5+
{[%clk 0:03:03]} 79. Kxe5 {[%clk 0:05:10]} Kd7 {[%clk 0:03:15]} 80. Ne6
{[%clk 0:05:28]} Bg2 {[%clk 0:01:32]} 81. Nd4 {[%clk 0:05:49]} Bf1
{[%clk 0:01:26]} 82. c6+ {[%clk 0:05:19]} Kc7 {[%clk 0:01:33]} 83. cxb7
{[%clk 0:05:33]} Kxb7 {[%clk 0:02:01]} 84. Kd6 {[%clk 0:05:57]} Bg2
{[%clk 0:02:03]} 85. Nb3 {[%clk 0:06:20]} Bf1 {[%clk 0:01:48]} 86. Nc5+
{[%clk 0:06:47]} Ka7 {[%clk 0:02:07]} 87. Kc7 {[%clk 0:07:12]} Bb5
{[%clk 0:02:23]} 88. Ne6 {[%clk 0:07:31]} Bf1 {[%clk 0:00:51]} 89. Nd4
{[%clk 0:07:53]} Bg2 {[%clk 0:00:52]} 90. Nc6+ {[%clk 0:08:15]} Ka8
{[%clk 0:01:18]} 91. Kb6 {[%clk 0:08:37]} Bf1 {[%clk 0:01:17]} 92. Ne5
{[%clk 0:07:48]} Bb5 {[%clk 0:01:42]} 93. Nf7 {[%clk 0:08:10]} Bc4
{[%clk 0:01:49]} 94. Nd6 {[%clk 0:08:31]} Bd3 {[%clk 0:01:56]} 95. Nb7
{[%clk 0:08:51]} 1-0

[Event "escc2023_50"]
[Site "?"]
[Date "2023.06.01"]
[Round "7.10"]
[White "Mrva, Martin"]
[Black "Contin, Daniel"]
[Result "1/2-1/2"]
[BlackElo "2231"]
[WhiteElo "2353"]
[LiveChessVersion "1.4.8"]

1. e4 {[%clk 1:30:57]} e6 {[%clk 1:27:05]} 2. d4 {[%clk 1:31:16]} d5
{[%clk 1:27:29]} 3. e5 {[%clk 1:31:36]} c5 {[%clk 1:27:42]} 4. c3
{[%clk 1:31:58]} Bd7 {[%clk 1:27:50]} 5. Nf3 {[%clk 1:32:13]} Qb6
{[%clk 1:28:15]} 6. Be2 {[%clk 1:32:28]} Nc6 {[%clk 1:27:40]} 7. O-O
{[%clk 1:32:45]} Nh6 {[%clk 1:28:05]} 8. Bxh6 {[%clk 1:32:06]} gxh6
{[%clk 1:28:18]} 9. Qd2 {[%clk 1:32:27]} Bg7 {[%clk 1:26:45]} 10. Na3
{[%clk 1:32:02]} cxd4 {[%clk 1:25:01]} 11. cxd4 {[%clk 1:32:22]} O-O
{[%clk 1:25:22]} 12. Nc2 {[%clk 1:32:36]} a5 {[%clk 1:25:31]} 13. a4
{[%clk 1:22:57]} f6 {[%clk 1:25:31]} 14. exf6 {[%clk 1:20:48]} Rxf6
{[%clk 1:25:40]} 15. Bb5 {[%clk 1:15:44]} Raf8 {[%clk 1:22:55]} 16. Ra3
{[%clk 1:13:40]} Be8 {[%clk 1:19:48]} 17. Rc3 {[%clk 0:53:54]} Kh8
{[%clk 1:11:12]} 18. b3 {[%clk 0:46:43]} Rg8 {[%clk 1:06:56]} 19. Bxc6
{[%clk 0:43:28]} bxc6 {[%clk 1:05:56]} 20. Re1 {[%clk 0:41:39]} Rg6
{[%clk 1:00:39]} 21. g3 {[%clk 0:40:54]} h5 {[%clk 0:53:25]} 22. Ne5
{[%clk 0:36:06]} Rf6 {[%clk 0:53:47]} 23. Qg5 {[%clk 0:29:34]} Rgf8
{[%clk 0:47:28]} 24. f4 {[%clk 0:27:37]} Qa7 {[%clk 0:29:09]} 25. Kg2
{[%clk 0:25:11]} Bg6 {[%clk 0:18:28]} 26. Nxg6+ {[%clk 0:21:57]} Rxg6
{[%clk 0:18:42]} 27. Qxh5 {[%clk 0:22:19]} Bxd4 {[%clk 0:13:16]} 28. Nxd4
{[%clk 0:19:12]} Qxd4 {[%clk 0:12:34]} 29. Qe5+ {[%clk 0:18:08]} Qxe5
{[%clk 0:12:57]} 30. fxe5 {[%clk 0:18:21]} Rb8 {[%clk 0:12:16]} 31. Rxc6
{[%clk 0:11:43]} Rxb3 {[%clk 0:12:38]} 32. Rf1 {[%clk 0:11:32]} Rb2+
{[%clk 0:08:32]} 33. Kg1 {[%clk 0:11:30]} Kg7 {[%clk 0:07:14]} 34. Rc7+
{[%clk 0:11:11]} Kh6 {[%clk 0:07:42]} 35. Rff7 {[%clk 0:11:33]} Re2
{[%clk 0:07:45]} 36. Rxh7+ {[%clk 0:05:15]} Kg5 {[%clk 0:07:49]} 37. Ra7
{[%clk 0:04:22]} Rxe5 {[%clk 0:06:10]} 38. Rxa5 {[%clk 0:03:51]} Rf6
{[%clk 0:05:11]} 39. Raa7 {[%clk 0:04:08]} Kg4 {[%clk 0:04:03]} 40. Raf7
{[%clk 0:03:21]} Re1+ {[%clk 0:02:49]} 41. Kg2 {[%clk 0:03:44]} Re2+
{[%clk 0:02:57]} 42. Kg1 {[%clk 0:04:10]} Rxf7 {[%clk 0:01:51]} 43. Rxf7
{[%clk 0:04:33]} e5 {[%clk 0:02:17]} 44. Rf2 {[%clk 0:04:01]} Re1+
{[%clk 0:00:55]} 45. Rf1 {[%clk 0:04:18]} Re2 {[%clk 0:29:53]} 46. Rf2
{[%clk 0:31:35]} Re1+ {[%clk 0:28:26]} 47. Rf1 {[%clk 0:25:40]} Re2
{[%clk 0:19:56]} 48. Rf2 {[%clk 0:25:51]} 1/2-1/2

[Event "escc2023_50"]
[Site "?"]
[Date "2023.06.01"]
[Round "7.11"]
[White "Sigfusson, Sigurdur"]
[Black "Battistella, Stefano"]
[Result "1-0"]
[BlackElo "2006"]
[WhiteElo "2279"]
[LiveChessVersion "1.4.8"]

1. e4 {[%clk 1:30:56]} g6 {[%clk 1:30:56]} 2. d4 {[%clk 1:31:19]} Bg7
{[%clk 1:31:22]} 3. Nc3 {[%clk 1:31:45]} c6 {[%clk 1:31:41]} 4. Be3
{[%clk 1:31:54]} Qb6 {[%clk 1:31:25]} 5. Rb1 {[%clk 1:32:17]} d6 {[%clk 1:30:50]}
6. Nf3 {[%clk 1:31:50]} Qc7 {[%clk 1:27:09]} 7. a4 {[%clk 1:29:35]} Nf6
{[%clk 1:25:14]} 8. h3 {[%clk 1:29:59]} O-O {[%clk 1:24:36]} 9. Bd3
{[%clk 1:28:25]} Nbd7 {[%clk 1:23:32]} 10. O-O {[%clk 1:27:26]} Re8
{[%clk 1:16:37]} 11. Bc4 {[%clk 1:16:17]} a6 {[%clk 0:52:20]} 12. Bb3
{[%clk 0:56:58]} c5 {[%clk 0:45:05]} 13. Qe2 {[%clk 0:53:02]} cxd4
{[%clk 0:44:08]} 14. Nxd4 {[%clk 0:52:26]} e5 {[%clk 0:43:31]} 15. Nf3
{[%clk 0:51:27]} Nc5 {[%clk 0:42:25]} 16. Bd5 {[%clk 0:50:23]} Be6
{[%clk 0:33:37]} 17. Bxc5 {[%clk 0:34:05]} Qxc5 {[%clk 0:33:37]} 18. Rfd1
{[%clk 0:31:28]} Bxd5 {[%clk 0:32:47]} 19. Nxd5 {[%clk 0:30:19]} Rac8
{[%clk 0:28:40]} 20. c3 {[%clk 0:22:32]} Nxd5 {[%clk 0:26:51]} 21. Rxd5
{[%clk 0:22:57]} Qc4 {[%clk 0:26:08]} 22. Qc2 {[%clk 0:20:58]} Bf8
{[%clk 0:25:50]} 23. Re1 {[%clk 0:19:09]} b5 {[%clk 0:24:33]} 24. axb5
{[%clk 0:19:17]} axb5 {[%clk 0:24:58]} 25. Nd2 {[%clk 0:19:14]} Qc6
{[%clk 0:24:28]} 26. Qd3 {[%clk 0:17:38]} Rb8 {[%clk 0:23:42]} 27. Nf1
{[%clk 0:17:25]} Qc4 {[%clk 0:20:52]} 28. Ne3 {[%clk 0:13:57]} Qxd3
{[%clk 0:20:53]} 29. Rxd3 {[%clk 0:14:06]} Rec8 {[%clk 0:20:08]} 30. Nd5
{[%clk 0:13:17]} Kg7 {[%clk 0:20:06]} 31. g4 {[%clk 0:12:45]} h6 {[%clk 0:15:29]}
32. Kg2 {[%clk 0:12:58]} Rc6 {[%clk 0:14:32]} 33. Ra1 {[%clk 0:12:30]} Rc4
{[%clk 0:14:42]} 34. Ra7 {[%clk 0:12:44]} Ra4 {[%clk 0:10:14]} 35. Rd7
{[%clk 0:12:46]} Rba8 {[%clk 0:03:20]} 36. Rf3 {[%clk 0:13:00]} 1-0

[Event "escc2023_50"]
[Site "?"]
[Date "2023.06.01"]
[Round "7.12"]
[White "Cardili, Mariano"]
[Black "Melikhov, Evgeny V."]
[Result "0-1"]
[BlackElo "2269"]
[WhiteElo "2038"]
[LiveChessVersion "1.4.8"]

1. d4 {[%clk 1:30:53]} Nf6 {[%clk 1:30:36]} 2. c4 {[%clk 1:31:16]} e6
{[%clk 1:30:47]} 3. Nc3 {[%clk 1:31:39]} Bb4 {[%clk 1:30:51]} 4. e3
{[%clk 1:31:56]} O-O {[%clk 1:30:36]} 5. Nf3 {[%clk 1:32:10]} d5 {[%clk 1:30:29]}
6. Bd3 {[%clk 1:32:16]} Nc6 {[%clk 1:30:05]} 7. O-O {[%clk 1:31:00]} dxc4
{[%clk 1:29:51]} 8. Bxc4 {[%clk 1:31:01]} Bd6 {[%clk 1:29:46]} 9. Qe2
{[%clk 1:23:08]} a6 {[%clk 1:22:17]} 10. Rd1 {[%clk 1:20:53]} Qe8
{[%clk 1:19:50]} 11. e4 {[%clk 1:15:45]} e5 {[%clk 1:19:46]} 12. Be3
{[%clk 1:10:10]} Bg4 {[%clk 1:17:26]} 13. d5 {[%clk 1:03:28]} Nd4
{[%clk 1:15:22]} 14. Bxd4 {[%clk 0:56:53]} exd4 {[%clk 1:15:39]} 15. Rxd4
{[%clk 0:57:04]} Bxf3 {[%clk 1:09:11]} 16. Qxf3 {[%clk 0:57:12]} Bxh2+
{[%clk 1:09:10]} 17. Kf1 {[%clk 0:51:58]} Be5 {[%clk 1:09:22]} 18. Rd3
{[%clk 0:48:31]} Bxc3 {[%clk 1:04:54]} 19. Rxc3 {[%clk 0:45:06]} Nxe4
{[%clk 1:03:19]} 20. Rc2 {[%clk 0:45:12]} Qe5 {[%clk 1:00:49]} 21. Kg1
{[%clk 0:37:44]} Rae8 {[%clk 0:56:58]} 22. Rac1 {[%clk 0:33:00]} Re7
{[%clk 0:54:57]} 23. Bb3 {[%clk 0:32:25]} b6 {[%clk 0:45:53]} 24. a3
{[%clk 0:30:41]} a5 {[%clk 0:45:21]} 25. Bc4 {[%clk 0:26:38]} a4 {[%clk 0:41:14]}
26. Rd1 {[%clk 0:24:33]} Qd6 {[%clk 0:36:41]} 27. Ba2 {[%clk 0:21:46]} Nc5
{[%clk 0:36:28]} 28. Re2 {[%clk 0:21:01]} Rfe8 {[%clk 0:35:19]} 29. Rde1
{[%clk 0:20:26]} g6 {[%clk 0:34:22]} 30. Bc4 {[%clk 0:18:13]} Rxe2
{[%clk 0:30:38]} 31. Rxe2 {[%clk 0:18:33]} Rxe2 {[%clk 0:30:49]} 32. Qxe2
{[%clk 0:18:55]} Qf4 {[%clk 0:30:41]} 33. Bb5 {[%clk 0:16:32]} Qd4
{[%clk 0:27:30]} 34. Bc4 {[%clk 0:15:59]} Qe4 {[%clk 0:23:01]} 35. Qxe4
{[%clk 0:11:36]} Nxe4 {[%clk 0:23:23]} 36. Bb5 {[%clk 0:11:58]} Nc5
{[%clk 0:23:21]} 37. Kf1 {[%clk 0:12:14]} Kf8 {[%clk 0:23:24]} 38. Ke2
{[%clk 0:11:51]} Ke7 {[%clk 0:23:47]} 39. Ke3 {[%clk 0:12:00]} Kd6
{[%clk 0:22:47]} 40. Bc4 {[%clk 0:11:27]} h5 {[%clk 0:20:21]} 41. g3
{[%clk 0:07:25]} g5 {[%clk 0:14:04]} 42. f4 {[%clk 0:06:16]} f6 {[%clk 0:13:57]}
43. Kd4 Ke5+ 0-1

[Event "escc2023_50"]
[Site "?"]
[Date "2023.06.01"]
[Round "7.13"]
[White "Berend, Fred"]
[Black "Waddington, Mike P"]
[Result "1-0"]
[BlackElo "1996"]
[WhiteElo "2257"]
[LiveChessVersion "1.4.8"]

1. e4 {[%clk 1:30:45]} c5 {[%clk 1:30:49]} 2. d3 {[%clk 1:30:50]} Nc6
{[%clk 1:30:10]} 3. f4 {[%clk 1:31:16]} d5 {[%clk 1:30:10]} 4. Nf3
{[%clk 1:31:14]} dxe4 {[%clk 1:29:30]} 5. dxe4 {[%clk 1:31:39]} Qxd1+
{[%clk 1:29:47]} 6. Kxd1 {[%clk 1:32:07]} Bg4 {[%clk 1:30:02]} 7. Nbd2
{[%clk 1:32:08]} O-O-O {[%clk 1:30:09]} 8. c3 {[%clk 1:30:22]} Bxf3+
{[%clk 1:20:29]} 9. gxf3 {[%clk 1:30:49]} Nf6 {[%clk 1:20:26]} 10. Kc2
{[%clk 1:28:15]} e6 {[%clk 1:20:32]} 11. Bb5 {[%clk 1:19:10]} Na5
{[%clk 1:19:10]} 12. Nb3 {[%clk 1:01:20]} Nxb3 {[%clk 1:18:51]} 13. axb3
{[%clk 1:01:47]} a6 {[%clk 1:18:35]} 14. Bc4 {[%clk 0:58:52]} Rd7
{[%clk 1:01:11]} 15. Be3 {[%clk 0:53:33]} g6 {[%clk 0:59:09]} 16. Ra5
{[%clk 0:47:56]} Rc7 {[%clk 0:47:32]} 17. f5 {[%clk 0:41:57]} e5 {[%clk 0:42:02]}
18. Rd1 {[%clk 0:25:58]} gxf5 {[%clk 0:41:00]} 19. exf5 {[%clk 0:23:38]} Rg8
{[%clk 0:40:21]} 20. Rd2 {[%clk 0:23:46]} h6 {[%clk 0:32:17]} 21. Ra1
{[%clk 0:22:24]} Rd7 {[%clk 0:27:08]} 22. Rad1 {[%clk 0:21:22]} Rxd2+
{[%clk 0:24:35]} 23. Rxd2 {[%clk 0:21:50]} Be7 {[%clk 0:17:07]} 24. Bxf7
{[%clk 0:21:47]} Rg7 {[%clk 0:16:06]} 25. Be6+ {[%clk 0:20:31]} Kc7
{[%clk 0:16:23]} 26. Bxh6 {[%clk 0:17:36]} Rg1 {[%clk 0:14:05]} 27. Be3
{[%clk 0:16:08]} Rf1 {[%clk 0:13:53]} 28. Bf2 {[%clk 0:15:47]} Bd6
{[%clk 0:09:05]} 29. Bc4 {[%clk 0:15:34]} Rh1 {[%clk 0:08:39]} 30. Bh4
{[%clk 0:14:23]} Nh5 {[%clk 0:06:38]} 31. Bf7 {[%clk 0:14:00]} Nf4
{[%clk 0:06:57]} 32. Bg3 {[%clk 0:13:04]} Rf1 {[%clk 0:06:36]} 33. Bxf4
{[%clk 0:11:44]} exf4 {[%clk 0:07:00]} 34. Bd5 {[%clk 0:12:08]} Be5
{[%clk 0:05:33]} 35. Rg2 {[%clk 0:12:19]} b5 {[%clk 0:05:48]} 36. Re2
{[%clk 0:11:58]} Kd6 {[%clk 0:05:49]} 37. Bb7 {[%clk 0:11:32]} a5
{[%clk 0:05:45]} 38. Kd3 {[%clk 0:05:33]} b4 {[%clk 0:04:39]} 39. Rd2
{[%clk 0:03:35]} bxc3 {[%clk 0:04:41]} 40. bxc3 {[%clk 0:04:03]} Ke7
{[%clk 0:04:10]} 41. Rc2 {[%clk 0:02:54]} Re1 {[%clk 0:02:00]} 42. Kc4
{[%clk 0:02:49]} Re3 {[%clk 0:01:55]} 43. Be4 {[%clk 0:02:00]} Kf6
{[%clk 0:01:33]} 44. h4 {[%clk 0:02:03]} Kg7 {[%clk 0:22:30]} 45. Rg2+
{[%clk 0:27:37]} Kh8 {[%clk 0:21:25]} 46. Kd5 {[%clk 0:20:09]} Bxc3
{[%clk 0:21:22]} 47. Ke6 {[%clk 0:20:27]} Bd4 {[%clk 0:17:48]} 48. Kf7
{[%clk 0:18:55]} Kh7 {[%clk 0:09:16]} 49. Bc2 {[%clk 0:16:43]} Rxf3
{[%clk 0:05:46]} 50. f6+ {[%clk 0:17:06]} Kh6 {[%clk 0:05:41]} 51. Rg6+
{[%clk 0:17:31]} 1-0

[Event "escc2023_50"]
[Site "?"]
[Date "2023.06.01"]
[Round "7.14"]
[White "Druckenthaner, Andreas"]
[Black "Cazzaniga, Walter"]
[Result "1/2-1/2"]
[BlackElo "1970"]
[WhiteElo "2227"]
[LiveChessVersion "1.4.8"]

1. e4 {[%clk 1:30:54]} e6 {[%clk 1:30:49]} 2. d3 {[%clk 1:31:15]} c5
{[%clk 1:31:11]} 3. g3 {[%clk 1:31:12]} Nc6 {[%clk 1:31:38]} 4. Bg2
{[%clk 1:31:32]} g6 {[%clk 1:31:57]} 5. Nc3 {[%clk 1:28:13]} Bg7 {[%clk 1:32:23]}
6. Nge2 {[%clk 1:25:28]} Nge7 {[%clk 1:32:39]} 7. Be3 {[%clk 1:25:44]} Nd4
{[%clk 1:29:11]} 8. O-O {[%clk 1:22:45]} O-O {[%clk 1:27:49]} 9. Rb1
{[%clk 1:15:54]} Nec6 {[%clk 1:21:07]} 10. a3 {[%clk 1:14:13]} a5
{[%clk 1:06:39]} 11. Qd2 {[%clk 1:08:27]} d6 {[%clk 1:02:27]} 12. f4
{[%clk 1:02:21]} f5 {[%clk 0:54:36]} 13. Nc1 {[%clk 0:56:14]} a4 {[%clk 0:32:10]}
14. Nd1 {[%clk 0:52:17]} Ra6 {[%clk 0:25:07]} 15. c3 {[%clk 0:51:44]} Nb5
{[%clk 0:22:53]} 16. Ne2 {[%clk 0:48:19]} Qa5 {[%clk 0:21:55]} 17. Nf2
{[%clk 0:43:37]} Bd7 {[%clk 0:19:47]} 18. g4 {[%clk 0:36:13]} Qd8
{[%clk 0:16:59]} 19. d4 {[%clk 0:28:21]} cxd4 {[%clk 0:16:24]} 20. cxd4
{[%clk 0:28:44]} fxg4 {[%clk 0:16:00]} 21. e5 {[%clk 0:24:54]} d5
{[%clk 0:16:04]} 22. Nxg4 {[%clk 0:21:48]} 1/2-1/2

[Event "escc2023_50"]
[Site "?"]
[Date "2023.06.01"]
[Round "7.15"]
[White "Bub, Volker"]
[Black "Meessen, Rudolf"]
[Result "1-0"]
[BlackElo "2155"]
[WhiteElo "2079"]
[LiveChessVersion "1.4.8"]

1. e4 {[%clk 1:30:55]} c5 {[%clk 1:29:51]} 2. Nf3 {[%clk 1:30:38]} g6
{[%clk 1:30:15]} 3. d3 {[%clk 1:31:01]} Bg7 {[%clk 1:29:52]} 4. g3
{[%clk 1:31:22]} Nc6 {[%clk 1:30:12]} 5. Bg2 {[%clk 1:31:46]} d6 {[%clk 1:30:00]}
6. O-O {[%clk 1:31:45]} Nf6 {[%clk 1:30:28]} 7. Nc3 {[%clk 1:30:36]} O-O
{[%clk 1:30:43]} 8. h3 Rb8 {[%clk 1:30:49]} 9. a4 {[%clk 1:30:56]} a6
{[%clk 1:30:50]} 10. Be3 {[%clk 1:31:10]} b5 {[%clk 1:31:14]} 11. axb5
{[%clk 1:31:35]} axb5 {[%clk 1:31:40]} 12. Qd2 {[%clk 1:30:24]} b4
{[%clk 1:32:05]} 13. Ne2 {[%clk 1:30:20]} Bd7 {[%clk 1:25:06]} 14. Bh6
{[%clk 1:29:32]} Qb6 {[%clk 1:23:02]} 15. Nh4 {[%clk 1:26:00]} Rfc8
{[%clk 1:12:59]} 16. Bxg7 {[%clk 1:24:39]} Kxg7 {[%clk 1:13:09]} 17. Kh2
{[%clk 1:18:45]} c4 {[%clk 1:06:07]} 18. dxc4 {[%clk 0:52:47]} b3
{[%clk 1:06:27]} 19. c3 {[%clk 0:51:32]} Ne5 {[%clk 1:06:15]} 20. Nd4
{[%clk 0:51:14]} Nxc4 {[%clk 1:01:07]} 21. Qc1 {[%clk 0:47:01]} e5
{[%clk 0:58:47]} 22. Ndf5+ {[%clk 0:46:49]} Kh8 {[%clk 0:52:23]} 23. Qh6
{[%clk 0:29:28]} Rg8 {[%clk 0:52:28]} 24. Ne7 {[%clk 0:20:43]} Rg7
{[%clk 0:36:56]} 25. Nhf5 {[%clk 0:18:27]} Bxf5 {[%clk 0:36:57]} 26. Nxf5
{[%clk 0:17:24]} gxf5 {[%clk 0:23:07]} 27. Qxf6 {[%clk 0:16:54]} Nxb2
{[%clk 0:22:13]} 28. exf5 {[%clk 0:16:11]} Nc4 {[%clk 0:20:28]} 29. Rad1
{[%clk 0:13:44]} b2 {[%clk 0:16:37]} 30. Bd5 {[%clk 0:09:09]} Na3
{[%clk 0:17:03]} 31. Ba2 {[%clk 0:09:18]} Qd8 {[%clk 0:16:21]} 32. Qh6
{[%clk 0:08:19]} f6 {[%clk 0:15:43]} 33. c4 {[%clk 0:05:33]} Rc7 {[%clk 0:13:30]}
34. g4 {[%clk 0:04:33]} Qe7 {[%clk 0:04:20]} 35. g5 {[%clk 0:01:52]} Qg7
{[%clk 0:04:49]} 36. Rg1 {[%clk 0:01:37]} Nxc4 {[%clk 0:02:43]} 37. Qh4
{[%clk 0:02:06]} fxg5 {[%clk 0:01:25]} 38. Rxg5 {[%clk 0:02:34]} Qf7
{[%clk 0:01:39]} 39. f6 {[%clk 0:02:29]} Rg8 {[%clk 0:00:45]} 40. Rdg1
{[%clk 0:01:25]} Rxg5 {[%clk 0:00:39]} 41. Qxg5 {[%clk 0:26:10]} d5
{[%clk 0:19:53]} 42. Qh6 {[%clk 0:23:57]} e4 {[%clk 0:10:07]} 43. Rg7
{[%clk 0:23:24]} Qxg7 {[%clk 0:10:15]} 44. fxg7+ {[%clk 0:23:49]} Rxg7
{[%clk 0:10:23]} 45. Qf6 {[%clk 0:23:28]} Nd2 {[%clk 0:10:23]} 46. Qxb2
{[%clk 0:19:21]} Nf3+ {[%clk 0:09:49]} 47. Kh1 {[%clk 0:19:46]} h5
{[%clk 0:05:50]} 48. Bxd5 {[%clk 0:19:12]} h4 {[%clk 0:01:14]} 49. Qb8+
{[%clk 0:18:29]} 1-0

[Event "escc2023_50"]
[Site "?"]
[Date "2023.06.01"]
[Round "7.16"]
[White "Katzir, Moshe"]
[Black "Giudici, Alberto"]
[Result "1-0"]
[BlackElo "1843"]
[WhiteElo "2150"]
[LiveChessVersion "1.4.8"]

1. e4 {[%clk 1:30:53]} c5 {[%clk 1:29:17]} 2. Nf3 {[%clk 1:30:27]} d6
{[%clk 1:29:15]} 3. Bb5+ {[%clk 1:30:28]} Bd7 {[%clk 1:29:09]} 4. a4
{[%clk 1:29:41]} Nc6 {[%clk 1:27:34]} 5. O-O {[%clk 1:28:48]} Nf6
{[%clk 1:23:02]} 6. Re1 {[%clk 1:29:05]} e5 {[%clk 1:16:13]} 7. c3
{[%clk 1:26:04]} Be7 {[%clk 1:08:02]} 8. d4 {[%clk 1:22:37]} O-O {[%clk 0:51:20]}
9. d5 {[%clk 1:13:51]} Na5 {[%clk 0:49:09]} 10. Bf1 {[%clk 0:56:44]} c4
{[%clk 0:34:13]} 11. Nfd2 {[%clk 0:55:06]} Ne8 {[%clk 0:23:19]} 12. Nxc4
{[%clk 0:52:00]} Nxc4 {[%clk 0:23:28]} 13. Bxc4 {[%clk 0:52:22]} f5
{[%clk 0:23:46]} 14. exf5 {[%clk 0:49:11]} Bxf5 {[%clk 0:24:37]} 15. Bd3
{[%clk 0:38:45]} Qb6 {[%clk 0:17:12]} 16. Bxf5 {[%clk 0:38:08]} Rxf5
{[%clk 0:17:36]} 17. Qe2 {[%clk 0:38:22]} Nf6 {[%clk 0:16:59]} 18. Be3
{[%clk 0:38:07]} Qb3 {[%clk 0:08:25]} 19. g4 {[%clk 0:33:32]} Nxg4
{[%clk 0:05:38]} 20. Qxg4 {[%clk 0:33:52]} Raf8 {[%clk 0:05:46]} 21. Nd2
{[%clk 0:30:00]} Qxd5 {[%clk 0:05:40]} 22. Qc4 {[%clk 0:29:46]} Qxc4
{[%clk 0:02:17]} 23. Nxc4 {[%clk 0:30:11]} d5 {[%clk 0:01:49]} 24. Nd2
{[%clk 0:28:49]} Bd6 {[%clk 0:01:38]} 25. Nf1 {[%clk 0:28:54]} Rf3
{[%clk 0:01:26]} 26. Rad1 {[%clk 0:27:36]} 1-0